Histochemical and immunohistochemical identification of laticifer cells in callus cultures derived from anthers of Hevea brasiliensis (Record no. 60444)

MARC details
000 -LEADER
fixed length control field 00601nam a2200193Ia 4500
100 ## - MAIN ENTRY--AUTHOR NAME
Personal name Tan D
245 #0 - TITLE STATEMENT
Title Histochemical and immunohistochemical identification of laticifer cells in callus cultures derived from anthers of Hevea brasiliensis
260 ## - PUBLICATION, DISTRIBUTION, ETC. (IMPRINT)
Name of publisher IRRDB International Rubber Conference 14-17 December 2011, Chiang
650 ## - SUBJECT ADDED ENTRY--TOPICAL TERM
Topical Term Callus
650 ## - SUBJECT ADDED ENTRY--TOPICAL TERM
Topical Term Hevea brasiliensis
650 ## - SUBJECT ADDED ENTRY--TOPICAL TERM
Topical Term Histochemistry
650 ## - SUBJECT ADDED ENTRY--TOPICAL TERM
Topical Term Immunohistochemistry
650 ## - SUBJECT ADDED ENTRY--TOPICAL TERM
Topical Term Latex
650 ## - SUBJECT ADDED ENTRY--TOPICAL TERM
Topical Term Laticifer
700 ## - ADDED ENTRY--PERSONAL NAME
Personal name Sun Z
700 ## - ADDED ENTRY--PERSONAL NAME
Personal name Zhang J
942 ## - ADDED ENTRY ELEMENTS (KOHA)
Koha item type Journals
Holdings
Withdrawn status Lost status Damaged status Not for loan Home library Current library Shelving location Date acquired Koha item type
      Journals RRII Library RRII Library Botany 26/09/2013 Journals